The offshore valuation (Record no. 110683)

MARC details
000 -LEADER
fixed length control field 01512cad a22002295a 4500
001 - CONTROL NUMBER
control field E149947
008 - FIXED-LENGTH DATA ELEMENTS--GENERAL INFORMATION
fixed length control field 100519s2010 xxk f 000 0 eng d
020 ## - INTERNATIONAL STANDARD BOOK NUMBER
International Standard Book Number 9780950364889
035 ## - SYSTEM CONTROL NUMBER
System control number (Sirsi) u149947
041 0# - LANGUAGE CODE
Language code of text/sound track or separate title eng
110 2# - MAIN ENTRY--CORPORATE NAME
Corporate name or jurisdiction name as entry element Offshore Valuation Group
9 (RLIN) 5847
245 04 - TITLE STATEMENT
Title The offshore valuation
Remainder of title a valuation of the UK's offshore renwable energy resource
Medium [electronic resource]
260 ## - PUBLICATION, DISTRIBUTION, ETC.
Place of publication, distribution, etc. [S.l.]
Name of publisher, distributor, etc. Offshore Valuation Group
Date of publication, distribution, etc. 2010
505 2# - FORMATTED CONTENTS NOTE
Formatted contents note Foreward -- Executive summary -- Preface -- Report summary -- Energy demand in 2050 -- Sizing the offshore renewable resource -- Deployment scenarios -- Supply chain -- Cost -- Scenarios -- Financing -- Variability -- Grid connection -- Valuing the offshore resource -- Appendix
520 ## - SUMMARY, ETC.
Summary, etc. In answer to the question, "what is the value of our offshore renewable energy resource?", the Offshore Valuation Group found that if 29% of the practical offshore renewable resource was harnessed by 2050, enough electricity could be generated to match North Sea oil and gas production. The research also found that the UK could achieve carbon dioxide reductions of 1.1bn tonnes between 2010 and 2050, and that 145 000 new jobs could be created by the industry in the UK.
521 ## - TARGET AUDIENCE NOTE
Target audience note Advanced
590 ## - LOCAL NOTE (RLIN)
Local note KA
651 #4 - SUBJECT ADDED ENTRY--GEOGRAPHIC NAME
Geographic name United Kingdom
Chronological subdivision
690 ## - LOCAL SUBJECT ADDED ENTRY--TOPICAL TERM (OCLC, RLIN)
Topical term or geographic name as entry element ENVIRONMENTAL AND LAND CONSULTANCY-ENERGY-ENERGY USE-ENERGY EFFICIENCY
856 40 - ELECTRONIC LOCATION AND ACCESS
Uniform Resource Identifier <a href="https://www.offshorevaluation.org/">https://www.offshorevaluation.org/</a>
Public note View the report free of charge at www.offshorevaluation.org
942 ## - ADDED ENTRY ELEMENTS (KOHA)
Suppress in OPAC 0
Holdings
Withdrawn status Lost status Source of classification or shelving scheme Damaged status Not for loan Home library Current library Shelving location Date acquired Total Checkouts Full call number Barcode Date last seen Copy number Price effective from Koha item type
    Dewey Decimal Classification     Virtual Virtual Online 19/05/2010   ONLINE PUBLICATION 149947-2001 06/08/2019 1 06/08/2019 Book